书目信息 |
| 题名: |
防水设计与施工
|
|
| 作者: | 边见仁 著 ;季小莲 译 | |
| 分册: | ||
| 出版信息: | 北京 中国建筑工业出版社 2008.01 |
|
| 页数: | 221页 | |
| 开本: | 20cm | |
| 丛书名: | 图解建筑丛书 | |
| 单 册: | ||
| 中图分类: | TU761.1-64 | |
| 科图分类: | ||
| 主题词: | 建筑防水--jian zhu fang shui--建筑设计--图解 , 建筑防水--jian zhu fang shui--工程施工--图解 | |
| 电子资源: | ||
| ISBN: | 978-7-112-09593-3 | |
| 000 | 01043nam 2200277 450 | |
| 001 | 012007157365 | |
| 005 | 20071229120003.31 | |
| 010 | @a978-7-112-09593-3@dCNY25.00 | |
| 100 | @a20071229d2008 km y0chiy0120 ea | |
| 101 | 1 | @achi@cjpn |
| 102 | @aCN@b110000 | |
| 105 | @aa z 000yy | |
| 106 | @ar | |
| 200 | 1 | @a防水设计与施工@Afang shui she ji yu shi gong@f(日) 边见仁著@F(ri)bian jian ren zhu@g季小莲译@Gji xiao lian yi |
| 210 | @a北京@c中国建筑工业出版社@d2008.01 | |
| 215 | @a221页@c图@d20cm | |
| 225 | 2 | @a图解建筑丛书@Atu jie jian zhu cong shu |
| 330 | @a本书以提问的方式,以大量的示意图、表格以及简明扼要的文字说明,介绍了防水工程的设计、施工及施工管理中一些新的施工方法和新的防水材料。 | |
| 410 | 0 | @12001 @a图解建筑丛书 |
| 606 | 0 | @a建筑防水@Ajian zhu fang shui@x建筑设计@j图解 |
| 606 | 0 | @a建筑防水@Ajian zhu fang shui@x工程施工@j图解 |
| 690 | @aTU761.1-64@v4 | |
| 701 | 0 | @a边见仁@Abian jian ren@4著 |
| 702 | 0 | @a季小莲@Aji xiao lian@4译 |
| 801 | 0 | @aCN@bQSSK@c20071229 |
| 905 | @b274997-99@dTU761.1-64@eB786@f3 | |
| 防水设计与施工/(日) 边见仁著/季小莲译.-北京:中国建筑工业出版社,2008.01 |
| 221页:图;20cm.-(图解建筑丛书) |
| ISBN 978-7-112-09593-3:CNY25.00 |
| 本书以提问的方式,以大量的示意图、表格以及简明扼要的文字说明,介绍了防水工程的设计、施工及施工管理中一些新的施工方法和新的防水材料。 |
| ● |
| 相关链接 |
|
|
|
正题名:防水设计与施工
索取号:TU761.1-64/B786
 
预约/预借
| 序号 | 登录号 | 条形码 | 馆藏地/架位号 | 状态 | 备注 |
| 1 | 274997 | 202749972 | 建筑库201/201建筑库 45排3列2层/ [索取号:TU761.1-64/B786] | 在馆 | |
| 2 | 274998 | 202749981 | 建筑库201/201建筑库 45排3列2层/ [索取号:TU761.1-64/B786] | 在馆 | |
| 3 | 274999 | 202749990 | 建筑库201/201建筑库 45排3列2层/ [索取号:TU761.1-64/B786] | 在馆 |